000 02167nam a2200349 a 4500
001 37416
003 BD-RjUL
005 20211209052616.0
008 150112s2006 caua b 001 0 eng
020 _a078798454X (cloth : alk. paper)
020 _a9780787984540
035 _a(OCoLC)ocm64589014
_a(BD-RjUL)37520
040 _aDNLM/DLC
_cDLC
_dNLM
_dBAKER
_dC#P
_dDLC
_dBD-RjUL
_beng
041 _aeng
060 0 0 _a2006 I-979
060 1 0 _aW 84.1
_bR772f 2006
082 0 0 _a362.1068
_222
_bROF 2006
100 1 _aRonen, Boʻaz.
_9114831
245 1 0 _aFocused operations management for health services organizations /
_cBoaz Ronen, Joseph S. Pliskin, with Shimeon Pass ; foreword by Donald M. Berwick.
250 _a1st ed.
260 _aSan Francisco, CA :
_bJossey-Bass,
_cc2006.
300 _axxvii, 354 p. :
_bill. ;
_c23 cm.
504 _aIncludes bibliographical references (p. 337-339).
505 0 _aThe modern health care and business environment -- Principles of management in a dynamic environment -- The Pareto rule, focusing table, and focusing matrix -- Management by constraints: the focusing steps of the theory of constraints -- Management by constraints in a bottleneck environment -- Management by constraints when the market is the constraint -- Focused current reality tree -- Resolving managerial conflicts -- The efficiencies syndrome -- The evils of long response times -- Reducing response times -- The complete kit concept -- Performance measures and managerial control -- Effects of fluctuations, variability, and uncertainty on the system -- The evils of traditional cost accounting -- Marketing, costing, and pricing considerations in decision-making processes -- Quality management and process control -- Creating value for health care organizations -- Case study: the emergency department at Guard Mountain Hospital -- Our managerial credo.
650 0 _aHealth services administration.
_9114832
650 1 2 _aHealth Services Administration.
_9114833
700 1 _aPliskin, Joseph S.,
_d1946-
_9114834
700 1 _aPass, Shimeon,
_d1947-
_9114835
942 _2ddc
_cBK
999 _c37416
_d37416